000 00613nam a2200241 i 4500
001 C2-0114843
003 PPAK
005 20180727104900.0
008 970712s1984 nyu |||| ||||| | eng d
020 _a0027826708
040 _aPPAK
_beng
_cPPAK
_erda
082 0 4 _a823
_223
090 0 0 _a823
_bSIK
_dG
100 1 _aSilsbe, Peter,
_eauthor
245 1 4 _aThe big way out
264 1 _aNew York :
_bBradbury Press ,
_c1984
300 _a180 pages ;
_c22 cm
336 _2rdacontent
_atext
337 _2rdamedia
_aunmediated
338 _2rdacarrier
_avolume
650 1 0 _aEnglish fiction
942 _ddc
_cB
999 _c29478
_d29478